000 00325nam a2200133Ia 4500
008 240624s9999 xx 000 0 und d
041 _aeng
082 _a200 RAD
100 _aRADHAKRISHNAN S
245 _aBHAGAVADGITA
260 _c2010
_aNew Delhi
_bHarperCollins
300 _aix, : 461 : p. : cm. ; 20
365 _cRS
_b25
999 _c18440
_d18440